[Event "Accentus Young Masters 2020"]
[Site "Bad Ragaz"]
[Date "2020.03.05"]
[Round "9.5"]
[White "Stijve, Theo"]
[Black "Petrov, Nikita"]
[Result "0-1"]
[WhiteElo "2249"]
[BlackElo "2592"]
[Annotator "TA"]
[PlyCount "80"]
[EventDate "2020.02.26"]
[EventType "schev"]
[EventCountry "SUI"]
[SourceTitle "playchess.com"]
[Source "ChessBase"]
[SourceQuality "1"]

{[%evp 10,80,10,8,17,13,21,22,21,-4,4,7,7,0,0,0,11,10,16,-58,-60,-61,-48,-43,-33,-114,-9,-86,29,27,14,13,29,22,10,12,19,14,16,21,22,21,52,37,30,34,60,37,35,-11,-3,-58,-47,-464,-464,-464,-464,-464,-464,-464,-464,-456,-449,-433,-411,-720,-720,-720,-720,-1508,-1480,-1095,-1013]} 1. e4 c5 2. Nf3 Nc6 3. Nc3 g6 4. Bb5 Bg7 5. O-O d6 6. Re1 e5 {B31: Sicilian: 2...Nc6 3 Bb5 g6.} 7. a4 Nge7 8. d3 O-O {The position is equal.} 9. Be3 h6 10. Bc4 Kh7 11. Nd5 Nxd5 12. Bxd5 Ne7 {[#]} 13. Bc4 $146 ({Predecessor:} 13. Bb3 f5 14. exf5 gxf5 15. c3 f4 16. Bc1 Kh8 17. Nh4 Qe8 18. d4 cxd4 19. cxd4 {1-0 (39) Parkajic,B (1706)-Grcic,V (2225) Stari Banovci 2017}) 13... f5 14. b4 (14. c3 $11) 14... cxb4 $15 15. Rb1 a5 16. c3 bxc3 17. Qc2 ({White should try} 17. Qb3 $15) 17... Bd7 (17... fxe4 $1 $17 18. dxe4 d5 19. exd5 Bf5) 18. Rxb7 (18. Qxc3 $11 Bc6 19. Bb5) 18... Bc6 (18... Qc8 $1 $17 {[%cal Rc8b7]} 19. Reb1 Re8) 19. Bb6 $36 {[%mdl 2048] White fights for an advantage.} Qe8 20. Rc7 Nc8 21. Qxc3 Nxb6 {[#]} 22. Rxc6 $1 {[%mdl 512]} Nxa4 (22... Qxc6 $2 23. Bg8+ $1 {[%mdl 512]} Rxg8 24. Qxc6 $18) 23. Qc2 Nc5 (23... Qxc6 $2 {[#] loses.} 24. Bg8+ $1 {[%mdl 512]} Rxg8 25. Qxc6 $18) 24. Rxd6 {aiming for exf5.} fxe4 $1 25. dxe4 Qa4 26. Qxa4 Nxa4 27. Bd5 Ra7 28. Rc1 Nb2 29. Rb6 Nd3 30. Rcc6 ({Better is} 30. Rcb1 $11) 30... Nb4 $1 $15 {[%cal Rb4c6]} 31. Rc3 $2 {[%mdl 8192] Now White is beyond hope.} ({Avoid the trap} 31. Rxg6 $2 Nxd5 32. exd5 a4 $19) (31. Rd6 $15) 31... Nxd5 $19 32. exd5 e4 33. Ra3 exf3 34. gxf3 Rf4 35. d6 Rd4 36. Rc6 Be5 37. Re3 (37. Rc5 $142 Bxd6 38. Rcxa5 Rxa5 39. Rxa5) 37... Bxd6 {Black is clearly winning.} 38. Re6 Bf8 39. Rxg6 a4 40. Ra6 Rdd7 {Accuracy: White = 57%, Black = 84%.} 0-1

[Event "Accentus Young Masters 2020"]
[Site "Bad Ragaz"]
[Date "2020.03.06"]
[Round "10.1"]
[White "Diermair, Andreas"]
[Black "Colmenares, Aurelio"]
[Result "0-1"]
[WhiteElo "2483"]
[BlackElo "2302"]
[Annotator "TA"]
[PlyCount "71"]
[EventDate "2020.02.26"]
[EventType "schev"]
[EventCountry "SUI"]
[SourceTitle "playchess.com"]
[Source "ChessBase"]
[SourceQuality "1"]

{[%evp 14,71,16,-21,-20,-24,-13,-31,-25,-33,-22,-29,-5,-77,-78,-89,97,-208,-198,-212,-226,-249,-250,-241,-236,-234,-224,-234,-234,-270,-218,-469,-443,-670,-177,-377,-377,-488,-466,-471,-350,-629,-618,-517,-126,-537,-527,-29982,-29983,-29982,-29983,-29996,-29990,-29995,-29993,-29994,-29995,-29998,-29999,-29999]} 1. d4 Nf6 2. c4 c6 3. Nc3 d5 4. e3 e6 5. Nf3 Nbd7 6. Qc2 Bd6 7. g4 h6 8. Rg1 {8.h3 is vanishing.} e5 {D45: Semi-Slav: 5 e3.} 9. Bd2 e4 10. Nh4 Bxh2 {Black is slightly better.} 11. Rg2 Bb8 12. O-O-O Nb6 13. c5 {[#]} (13. cxd5 $11 {remains equal.} cxd5 14. Be2) 13... Bxg4 $146 ({Predecessor:} 13... Nbd7 14. f3 Nh7 15. fxe4 Qxh4 16. exd5 Ndf6 17. d6 Bxg4 18. Be2 Bxe2 19. Rxe2 O-O {½-½ (27) Bastos,P (2460)-Krzyzanowski,W (2461) ICCF email 2016}) 14. cxb6 g5 $2 (14... axb6 $17 15. Be2 Bxe2 16. Nxe2 g5) 15. Re1 $2 {[%mdl 8192]} (15. Rxg4 $1 $16 {and life is bright. Threatens to win with Rg1.} Nxg4 16. bxa7 Rxa7 17. f3) 15... Be6 {Black continues to play with concentration.} (15... axb6 16. Nxe4 Nxe4 17. Rxg4) (15... Qxb6 16. Rxg4 Nxg4 17. Nf5 $14) 16. f3 {[%cal Rf3e4]} gxh4 17. fxe4 h3 (17... axb6 18. e5 $17) 18. Rg1 h2 (18... Qxb6 19. e5 $15) 19. Rh1 Nxe4 {Hoping for ...Nf2.} (19... Qxb6 20. e5 $15) 20. Nxe4 dxe4 21. Qxe4 Qd5 ({Not} 21... Qxb6 22. Bc4 $15) 22. Qh4 $2 (22. Qxd5 cxd5 23. bxa7 Rxa7 24. a3) 22... axb6 $19 (22... Qxh1 23. Bb4 $11) 23. e4 (23. Rxh2 $142 Rxa2 24. Bb4) 23... Qd8 $2 (23... Qxa2 24. Qf6 {[#]} Qb3 $1 {[%mdl 512]}) 24. Qf2 $2 (24. Qxd8+ Kxd8 25. e5) 24... Rg8 25. d5 Bg3 {[%mdl 64] Skewer} 26. Qg2 Ke7 27. Re2 $2 (27. Rd1 cxd5 28. a3) 27... Rxa2 28. Qf3 Qa8 $2 (28... cxd5 $19 29. exd5 {[%mdl 64] Pin} Qd7) 29. Bb4+ $2 {[%mdl 8192]} (29. dxe6 $17 {nothing else works.} Ra1+ 30. Kc2 Qa4+ 31. Qb3 Qxb3+ 32. Kxb3 fxe6 33. Bxh6) 29... c5 30. dxe6 Ra1+ {Black mates.} 31. Kc2 Qa4+ {[%mdl 64] Double Attack} 32. Kd3 Qd1+ 33. Bd2 {[#]} c4+ $1 {[%mdl 512]} 34. Ke3 {[#]} (34. Kxc4 Rc8+) 34... Ra3+ $1 {[%mdl 576] Skewer} 35. bxa3 Qb3+ {[%mdl 64] Double Attack} 36. Kd4 {Accuracy: White = 35%, Black = 70%.} 0-1

[Event "Accentus Young Masters 2020"]
[Site "Bad Ragaz"]
[Date "2020.03.06"]
[Round "10.2"]
[White "Brunello, Sabino"]
[Black "Baenziger, Fabian"]
[Result "1-0"]
[WhiteElo "2528"]
[BlackElo "2415"]
[Annotator "TA"]
[PlyCount "77"]
[EventDate "2020.02.26"]
[EventType "schev"]
[EventCountry "SUI"]
[SourceTitle "playchess.com"]
[Source "ChessBase"]
[SourceQuality "1"]

{[%evp 15,77,-25,-34,-31,18,-2,24,19,23,21,23,31,22,15,16,0,0,-23,0,0,0,-29,-31,-35,-44,-44,-41,-38,-20,-44,-17,-16,-8,-82,-91,-87,-72,-83,-91,-75,0,0,0,2,98,28,17,18,66,7,321,308,321,317,322,310,295,302,1129,1156,933,719,29996,29997]} 1. d4 d5 2. c4 dxc4 3. e4 Nf6 4. Nc3 e5 5. Nf3 exd4 6. Qxd4 Qxd4 7. Nxd4 Bc5 8. Ndb5 Na6 9. Bf4 {D20: Queen's Gambit Accepted: 3 e3 and 3 e4.} Be6 (9... c6 $5 {[%cal Rc6b5]} 10. Nd6+ Bxd6 11. Bxd6 Be6 $11) 10. Bxc7 O-O 11. f3 {White has an edge.} Nb4 {Strongly threatening ...Nc2+.} 12. O-O-O $1 a6 13. Nd4 {[#]} Rfc8 $146 {...Bxd4 is the strong threat.} ({Predecessor:} 13... Nd3+ 14. Bxd3 Bxd4 15. Bc2 Be3+ 16. Kb1 Rfc8 17. Rhe1 Rxc7 18. Rxe3 b5 19. e5 Nd7 {½-½ (39) Lagarde,M (2433)-Prie,E (2490) Caen 2011}) 14. Bf4 b5 15. Nxe6 fxe6 16. g4 Rd8 17. Be2 Nc6 18. h4 Nd4 {aiming for ...b4.} 19. Be5 Rac8 20. Kb1 Kf7 21. a3 Rd7 22. g5 Nh5 23. f4 Ng3 $1 {[%csl LRe2,LRh1][%mdl 64] [#] Double Attack} 24. Rhe1 (24. b4 $11 {keeps the balance.} Bb6 25. Rh3 Ngxe2 26. Nxe2) 24... Rcd8 $17 25. Bg4 {Black must now prevent f5.} Nc6 26. Rxd7+ Rxd7 27. f5 exf5 ({Black should try} 27... Nxe5 $17 28. fxe6+ Ke7 29. exd7 Nxg4) 28. exf5 $11 Nxe5 29. Rxe5 Bd4 {[#]} (29... Rd4 $1 $11 {remains equal.}) 30. Re6 (30. g6+ $1 $16 {[%mdl 512]} hxg6 31. fxg6+ {[%mdl 64] Discovered Attack} Kf8 32. Rxb5) 30... Bxc3 31. bxc3 {[%mdl 4096] Endgame KRB-KRN} Rd3 32. Kc2 (32. g6+ $14 hxg6 33. fxg6+ Kf8 34. h5) 32... a5 $2 {[%mdl 8192] This move loses the game for Black.} (32... h5 $1 $11 {and Black has nothing to worry.} 33. gxh6 gxh6) 33. g6+ $18 hxg6 34. fxg6+ Kf8 35. Re5 a4 36. h5 ({Don't do} 36. Rxb5 $6 Re3 $16) 36... b4 $2 (36... Rd6 37. Rxb5 Ke7) 37. cxb4 Rxa3 38. b5 {Threatens to win with b6.} Rb3 39. Bd7 {Accuracy: White = 81%, Black = 53%.} 1-0

[Event "Accentus Young Masters 2020"]
[Site "Bad Ragaz"]
[Date "2020.03.06"]
[Round "10.3"]
[White "Albornoz Cabrera, Carlos Daniel"]
[Black "Studer, Noel"]
[Result "1/2-1/2"]
[WhiteElo "2566"]
[BlackElo "2546"]
[Annotator "TA"]
[PlyCount "149"]
[EventDate "2020.02.26"]
[EventType "schev"]
[EventCountry "SUI"]
[SourceTitle "playchess.com"]
[Source "ChessBase"]
[SourceQuality "1"]

{[%evp 21,149,12,16,8,14,8,15,15,14,15,9,15,14,0,0,2,22,22,22,22,21,22,22,22,22,22,22,22,43,35,33,6,43,36,49,4,77,70,79,74,77,72,98,97,92,87,149,82,118,82,93,0,111,111,111,117,118,0,141,82,127,79,156,149,142,103,116,122,111,87,99,65,75,48,65,50,99,83,245,131,385,372,788,788,788,652,353,121,121,121,121,121,121,121,121,121,121,121,121,121,121,121,121,121,121,121,121,121,121,89,89,89,89,89,89,89,8,0,81,80,77,32,32,32,32,0,32,0,73,0]} 1. Nf3 d5 2. d4 Nf6 3. c4 dxc4 4. e3 e6 5. Bxc4 a6 6. O-O c5 7. a4 cxd4 8. exd4 Nc6 9. Nc3 Be7 10. Bg5 O-O 11. Re1 Bd7 {[#]} 12. Bxf6 $146 {D27: Queen's Gambit Accepted: Classical main line: 7 e4!? and 7 a4.} (12. Qe2 h6 13. Bxf6 Bxf6 14. Rad1 Nb4 15. Ne5 Bc6 16. Qg4 Rc8 17. Bxe6 fxe6 18. Qxe6+ Kh7 19. Qf5+ Kg8 20. Qe6+ Kh7 21. Qf5+ Kg8 22. Qe6+ {½-½ (22) Albornoz Cabrera,C (2577)-Studer,N (2494) Bad Ragaz 2019}) ({Predecessor:} 12. Qe2 Rc8 13. Rad1 Nd5 14. Bxd5 Bxg5 15. Be4 Bh6 16. d5 exd5 17. Rxd5 g6 18. Red1 Rc7 19. Rd6 Bf4 20. R6d3 {1-0 (41) Wang,H (2680)-Volokitin,A (2668) Calimanesti Caciulata 2016}) 12... Bxf6 13. d5 Bxc3 14. bxc3 {The position is equal.} exd5 15. Bxd5 Rc8 16. Qb3 Qc7 17. Re3 Na5 18. Qb4 Qc5 19. Rd1 Qxb4 $1 20. cxb4 Bxa4 21. Ra1 Bc6 $1 {[%cal Rc6d5]} 22. Rxa5 b6 23. Rxa6 {Hoping for Bxc6.} Bxd5 24. Rxb6 Rc1+ 25. Ne1 g6 26. f3 Bc4 27. Kf2 Rc8 28. Re5 Be6 (28... Rb1 $11 {remains equal.}) 29. Nd3 $1 $16 {[%cal Rd3c1]} R1c2+ 30. Kg3 Bc4 31. Nf4 Bf1 32. Re1 Bc4 33. h4 Kg7 (33... h6 $142) 34. Rb7 (34. b5 $142) 34... Ba6 35. Ra7 Bc4 36. Rb7 Ba6 $1 {[%cal Ra6b7]} 37. Ne6+ Kg8 38. Rb6 {Strongly threatening b5.} Bc4 39. Nf4 Kg7 40. Re5 (40. b5 $142) 40... Bf1 41. Rb7 h6 {[#]} (41... Ba6 $142 42. Ra7 Bc4) 42. Ree7 $1 {[%cal Re7f7]} Bc4 43. Rec7 Bb3 44. Rxc8 Rxc8 {[%mdl 4096] Endgame KRB-KRN} 45. b5 g5 46. hxg5 hxg5 47. Nd3 {And now b6 would win.} Rc3 48. Nb4 Rc4 49. Nc6 Kf6 $2 (49... Rc2 $16) 50. Rb6 ({Better is} 50. Ra7 $18) 50... Rc3 $2 {[%mdl 8192]} (50... Rc1 $16 {was necessary.} 51. Nd4+ Be6 52. Nxe6 fxe6) 51. Nb4+ $18 Ke5 $2 (51... Kg7 52. Rc6 Re3) 52. Rc6 Rxc6 53. Nxc6+ {KB-KN} Kd6 54. Kg4 $2 (54. Nd4 $18 {and the rest is easy.} Ba4 55. Nf5+ Ke5 56. b6) 54... Bc4 $16 55. Nd4 $1 Kc5 56. b6 Kxb6 57. Kxg5 Bf1 58. g3 Kc5 {[#]} 59. Nf5 $1 Be2 {[#]} 60. f4 $1 {Nh6 is the strong threat.} Kd5 61. Nh6 Ke6 62. f5+ Ke7 63. Ng8+ Kf8 64. Nf6 Bf3 65. Kh6 Bd1 66. g4 Bb3 67. Kg5 Ke7 68. Ng8+ Kf8 69. Nf6 (69. Nh6 $11) 69... Ke7 70. Ne4 Bc2 71. Nc3 Bb3 $1 72. Nb5 Bd1 73. Nc3 Bb3 74. Ne4 Bc2 75. Nf6 {Blacks defense is rewarded with a draw. Accuracy: White = 76%, Black = 69%.} ({White should play} 75. Nc5 $16) 1/2-1/2

[Event "Accentus Young Masters 2020"]
[Site "Bad Ragaz"]
[Date "2020.03.06"]
[Round "10.4"]
[White "Petrov, Nikita"]
[Black "Gaehwiler, Gabriel"]
[Result "1-0"]
[WhiteElo "2592"]
[BlackElo "2407"]
[Annotator "TA"]
[PlyCount "80"]
[EventDate "2020.02.26"]
[EventType "schev"]
[EventCountry "SUI"]
[SourceTitle "playchess.com"]
[Source "ChessBase"]
[SourceQuality "1"]

{[%evp 9,80,0,0,-1,-3,9,12,4,25,16,27,24,38,27,25,15,33,37,33,34,52,28,15,23,61,59,59,59,72,68,72,60,78,79,72,66,81,97,93,79,93,43,43,43,20,52,133,130,115,108,112,68,56,52,78,25,68,72,401,352,546,553,597,588,570,558,719,685,742,682,1016,788,654]} 1. d4 Nf6 2. c4 e6 3. Nc3 Bb4 4. e3 O-O 5. Bd2 c5 6. a3 {E46: Nimzo-Indian: Rubinstein: 4 e3 0-0 5 Ne2 without early Bd3.} Bxc3 7. Bxc3 Ne4 8. Ne2 {[#] The position is equal.} Qf6 $146 {[%csl Ge4][%cal Rf6f2] [#]} ({Predecessor:} 8... b6 9. d5 Ba6 10. b3 b5 11. Qd3 exd5 12. Qxd5 Nxc3 13. Nxc3 Qa5 14. Qd2 bxc4 15. Bxc4 {½-½ (49) Yuffa,D (2566)-Aronian,L (2775) Moscow 2019}) 9. f3 Nxc3 10. Nxc3 d6 11. dxc5 dxc5 12. Bd3 Qe7 13. Qc2 f5 14. O-O-O Nc6 15. Kb1 b6 16. f4 e5 17. Nd5 Qf7 18. Rhf1 $1 e4 19. Be2 Be6 20. g4 fxg4 21. Rg1 Ne7 22. Nc7 ({Much worse is} 22. Bxg4 Bxd5 23. cxd5 Nxd5 $11) 22... Nf5 23. Nxe6 ({But not} 23. Qxe4 $6 Qxc7 24. Qxe6+ Qf7 $11) 23... Qxe6 24. Bxg4 Rad8 25. Qc3 {Rxd8 is the strong threat.} g6 26. Rd5 Rxd5 27. cxd5 Qf6 ({Black should try} 27... Qxd5 $14 28. Be2 Nd6) 28. Bxf5 $1 $16 Qxf5 {[%mdl 4096] Endgame KQR-KQR} 29. Rg5 Qh3 30. Re5 Qf1+ 31. Ka2 Qd3 {[#]} 32. a4 $40 {[%mdl 128] Black needs to defend precisely.} (32. Qxd3 $1 $16 exd3 33. Kb3) 32... a6 33. a5 Qxc3 $4 {[%mdl 8192] This move loses the game for Black.} (33... bxa5 $16 {is more resistant.} 34. Qxc5 Rb8) 34. bxc3 {KR-KR} b5 (34... bxa5 $142 35. Rxe4 Rd8) 35. Rxe4 $18 {White is clearly winning.} Rf5 36. Re6 Rxd5 37. Rxa6 Rd2+ 38. Kb3 Rxh2 39. Rb6 c4+ 40. Kb4 Rb2+ {Accuracy: White = 88%, Black = 60%.} 1-0

[Event "Accentus Young Masters 2020"]
[Site "Bad Ragaz"]
[Date "2020.03.06"]
[Round "10.5"]
[White "Donchenko, Alexander"]
[Black "Stijve, Theo"]
[Result "1-0"]
[WhiteElo "2650"]
[BlackElo "2249"]
[Annotator "TA"]
[PlyCount "69"]
[EventDate "2020.02.26"]
[EventType "schev"]
[EventCountry "SUI"]
[SourceTitle "playchess.com"]
[Source "ChessBase"]
[SourceQuality "1"]

{[%evp 9,68,20,15,0,0,0,-7,0,0,0,17,16,10,16,29,18,34,15,68,63,81,76,75,75,100,84,212,201,218,183,174,182,216,223,221,183,206,206,202,210,199,175,202,179,200,186,352,337,777,745,29993,1316,29952,7146,29996,29997,29997,29998,29998,29999,29999]} 1. Nf3 c5 2. c4 Nc6 3. Nc3 e5 4. e3 Nf6 5. d4 e4 6. d5 {A34: Symmetrical English: 2 Nc3, lines with ...d5.} (6. Ne5 {feels hotter.} cxd4 7. exd4 Bb4 8. Be2 Qe7 9. Bf4) 6... exf3 7. dxc6 dxc6 8. Qxd8+ {The position is equal.} Kxd8 9. gxf3 g6 10. b3 Bg7 11. Bb2 {[#]} Bf5 $146 ({Predecessor:} 11... Ke7 12. O-O-O Be6 13. Ne2 Rhd8 14. Bg2 Rxd1+ 15. Rxd1 Rd8 16. Rxd8 Kxd8 17. f4 b5 18. Bxc6 bxc4 {0-1 (34) Afanasiev,N (2517)-Belov,V (2598) Moscow 2019}) 12. Ne4 Bxe4 13. fxe4 Nh5 (13... Kc7 $11) 14. e5 Re8 15. O-O-O+ Kc7 {[#]} 16. Bh3 $1 $36 {[%mdl 2048] aiming for Rd7+. White is on the roll.} Re7 17. Bg4 a5 (17... Rf8 $16) 18. f4 $18 a4 19. Bxh5 gxh5 20. Rhg1 Bh6 21. Rg3 b5 22. cxb5 cxb5 23. Rd5 Rd7 24. Rxc5+ {[%mdl 64] Double Attack} Kb6 25. Rc2 Rad8 {[%csl Gd8][%cal Rd7d1]} 26. Ba3 Rd1+ 27. Kb2 R8d5 $2 (27... Bf8) 28. Rg8 Re1 $2 (28... Rd8) 29. Rgc8 Rdd1 30. Bb4 (30. R2c6+ $142 Kb7 31. R8c7+ Kb8 32. Rxf7 Re2+ 33. Kc3 Bf8 34. Bxf8 Rc1+ {[#]} 35. Kd3 $1 {[%mdl 512]} Rxc6 36. Kxe2) 30... Rb1+ {[#]} 31. Ka3 $1 {White wants to mate with R2c6+.} Red1 32. R2c6+ {[%mdl 64] Double Attack. White mates.} Kb7 33. R6c7+ {[%mdl 64] Double Attack} Ka6 34. Ra8+ Kb6 35. Ba5# {Black did not feel at home in the position after the opening. Accuracy: White = 93%, Black = 43%.} 1-0